000 00560nam a2200169 i 4500
001 128430
003 ES-MaACL
005 20230906193259.0
007 t|
008 070511s1912 fr ||||1| fre d
100 1 _aTagantzeff, N.-S.
_9109062
245 1 3 _aLe manifeste impérial du 1-13 décembre 1890 et le code criminel finlandais /
_cN.-S. Tagantzeff ; traduit du russe par le Cte A.-M. Du Chayla.
260 _aParis :
_bH. Welter,
_c1912.
300 _a56 p. ;
_c26 cm.
651 4 _aFinlandia-
_xHistoria.
_9151028
852 _aES-MaACL
_jT-1347-F-10
999 _c128430
_d128430